000
00257nam a22001217a 4500
008
171017b xxu||||| |||| 00| 0 eng d
041
_a
eng
080
_a
330101.542
100
_a
52
101
_a
MIC
245
_a
MICROECONOMICS
_c
EIKE.A
942
_2
udc
_c
BK
999
_c
34473
_d
34473